书目信息 |
| 书名: | One blood | |
| 作者: | by Elisa Janine Sobo. | |
| 分册号: | ||
| 分册名: | 出版地: | Albany : |
|
| 出版社: | State University of New York Press | |
| 出版时间: | c1993. | |
| 页数: | vii, 329 p. : | |
| 开本: | 24 cm. | |
| 丛书名: | SUNY series, the body in culture, history, and religion | |
| 中图分类号: | ||
| 科图分类号: | ||
| 其他分类号: | K754 | |
| 主题词: | ||
| 电子资源: | ||
| 000 | 01397cam a2200361 a 450 | |
| 001 | E0732173598 | |
| 005 | 20070506090858.89 | |
| 008 | 920612s1993 nyua b s001 0 eng | |
| 010 | @a92022887 | |
| 020 | @a0791414302 (paper) :@cUSD21.95. | |
| 020 | @a0791414299 (hardcover). | |
| 035 | @A(DLC) 92022887 | |
| 040 | @aDLC@cDLC@dDLC | |
| 043 | @anwjm--- | |
| 050 | 00 | @aGR121.J2@bS63 1993 |
| 082 | 00 | @a398/.353@2 20 |
| 090 | @aK754 | |
| 099 | @dK754@ex6 | |
| 100 | 1 | @aSobo, Elisa Janine,@d1963- |
| 245 | 10 | @aOne blood :@bthe Jamaican body / @cby Elisa Janine Sobo. |
| 260 | @aAlbany :@bState University of New York Press,@cc1993. | |
| 300 | @avii, 329 p. :@bill. ;@c24 cm. | |
| 440 | 0 | @aSUNY series, the body in culture, history, and religion |
| 504 | @aIncludes bibliographical references (p. 307-319) and index. | |
| 650 | 0 | @aTraditional medicine@zJamaica. |
| 650 | 0 | @aBody, Human@xSocial aspects@zJamaica. |
| 650 | 0 | @aJamaicans@xKinship. |
| 650 | 0 | @aJamaicans@xHealth and hygiene. |
| 650 | 0 | @aJamaicans@xSocial conditions. |
| 906 | @a7@bcbc@corignew@d1@eocip@f19@gy-gencatlg | |
| 955 | @apc20 to ja00 06-16-92; jc05 06-18-92; jc03 to sf03 06-19-92; sf12 06-22-92; sf05 06-23-92; aa21 06-24-92; CIP ver. pv03 06-17-93 | |
| 991 | @bc-GenColl@hGR121.J2@iS63 1993@p00013814648@tCopy 2@wCCF | |
| 991 | @bc-GenColl@hGR121.J2@iS63 1993@tCopy 1@wBOOKS | |
| One blood : : the Jamaican body / / by Elisa Janine Sobo.-Albany : : State University of New York Press, , c1993. |
| vii, 329 p. : : ill. ; ; 24 cm.- (SUNY series, the body in culture, history, and religion ) |
| Includes bibliographical references (p. 307-319) and index. |
| ISBN 0791414302 (paper) :USD21.95. |
| ● |
| 相关链接 |
|
|
|
|
正题名:One blood
索取号:K754/x6
 
预约/预借
| 序号 | 登录号 | 条形码 | 馆藏地/架位号 | 状态 | 备注 |
| 1 | 0007108 | 300071080 | 第二样本阅览室/ [索取号:K754/x6] | 在馆 |